000 00945nam0a22002411 4500
001 rc\629534
005 20250621191050.0
035 _a(NLR Aleph) 005871753
090 _a5986147
_c5986147
100 _a20031121d1986 |||y0rusy50 ca
101 0 _arus
102 _aRU
105 _aa |||||||||
200 1 _aВ стране райской птицы
_aАмок
_eПовесть, роман
_e[Для ст. шк. возраста]
_fЯнка Мавр
_g[Перевод с белорус. В.А. Жиженко, А.Е. Миронова
_gХудож. Ю.К. Зайцев]
210 _aМинск
_cЮнацтва
_d1986
215 _a362, [2] с., [4] л. ил.
_d21
300 _aПеред вып. дан. авт.: Янка Мавр (Иван Михайлович Федоров)
700 1 _aМавр
_bЯ.
_f1883-1971
_gЯнка
801 0 _aRU
_bNLR
_gpsbo
801 1 _aRU
_bELAR
_2rusmarc
852 _aNLR
_j86-3/10245
942 _cBOOK
980 _aNB